Blue Sky Studios - All Movies - Statistics

General Stats
  • This quiz has been taken 48 times
  • The average score is 10 of 13
Answer Stats
Year Movie % Correct
2002 Ice Age
98%
2016 Ice Age: Collision Course
93%
2012 Ice Age: Continental Drift
93%
2009 Ice Age: Dawn Of The Dinosaurs
93%
2006 Ice Age: The Meltdown
93%
2011 Rio
88%
2014 Rio 2
85%
2005 Robots
76%
2013 Epic
61%
2019 Spies In Disguise
61%
2015 The Peanuts Movie
59%
2008 Horton Hears A Who!
56%
2017 Ferdinand
46%
No matching quizzes found
Score Distribution
Percent of People with Each Score
Percentile by Number Answered
Your Score History
You have not taken this quiz